000 00732nam a2200217Ia 4500
003 GCL
008 140319s9999 xx 000 0 ara d
040 _aGCL /
_cGCL
082 0 4 _a251.1
_bا ا
100 1 _aامينة محمد بن يوسف الجابر
245 1 0 _aاهم قضايا المرأة فى الحدود والجنايات فى الفقه الاسلامى /
_cامينة محمد بن يوسف الجابر
260 _a[S.N] :
_bدار قطرى بن الفجاءة ،
_c1987
300 _a416 ص
490 _a
650 0 4 _aالاسلام
650 0 4 _aالمرأة
650 0 4 _aالفقه الاسلامى
650 0 4 _aالقضايا
650 0 4 _aالمرأة فى الاسلام
942 _2ddc
_cBK
999 _c29818
_d29818